00880nam a22001697a 4500003000900000008004100009020001800050040007100068082001500139110003000154245002500184260004400209300004700253505037800300650001300678650001900691AR-CdUCM190318b ||||| |||| 00| 0 spa d a84-271-1438-9 aMUNICIPALIDAD PROVINCIAL DEL CUSCOcBIBLIOTECA MUNICIPAL DEL CUSCO a909 /bH59 aEquipo de redacción PAL aHistoria universal / aEspaña :bEdiciones mensajero,c1986. a9 tomos ;bilustraciones ; mapas ;c18 cm. aContenido : t.1: Pre-historia e historia del próximo Oriente -- t.2: El mundo Griego -- t.3: El mundo romano -- t.4: La alta edad media -- t.5 La baja edad media -- t.6 El renacimiento, reforma y contrareforma -- t.7: Siglo de las luces revolución francesa y época de Napoleón -- t.8: Emancipación americana, revolución industrial -- t.9: Época contemporanea. aHistoria aCivilizaciones